Statistiken für Länder, die mit "Stan" enden

Klicken Sie hier um das Quiz zu spielen!

Allgemein

  • Dieses Quiz wurde 404 mal gespielt
  • Das Durchschnittsergebnis liegt bei 6 aus 7

Antwortstatistiken

Land% Korrekt
Kasachstan
95%
Usbekistan
92%
Turkmenistan
89%
Tadschikistan
88%
Afghanistan
87%
Kirgistan
87%
Pakistan
86%

Verteilung der Resultate

Perzentil nach korrekt beantworteten Fragen

Anzahl Personen mit jedem Resultat

Ihre Resultats-Entwicklung

Sie haben dieses Quiz noch nicht gespielt